Terapia sensual / (Registro nro. 2807)

Detalles MARC
000 -LEADER
fixed length control field 01541nam a2200205 a 4500
008 - CAMPO DE CONTROL (LIBRO)
fixed length control field 180528e2006 sp ||||g |||| 00| f spa d
020 ## - INTERNATIONAL STANDARD BOOK NUMBER
ISBN 8496575187
041 ## - CODIGO DE IDIOMA
Código de idioma del texto/pista de sonido o título separado spa
092 ## - SIGNATURA TOPOGRAFICA DEWEY LOCAL
número de clasificación 808
libristica 30
sección GRE
100 1# - ENTRADA PRINCIPAL--NOMBRE PERSONAL
Nombre personal Greiman, Lois
9 (RLIN) 3963
245 ## - TITULO PROPIAMENTE DICHO
Título Terapia sensual /
Mención de responsabilidad y remanente de la transcripción de la portada Lois Greiman
250 ## - MENCION DE EDICION
Mención de edición 1a ed.
Mención de responsabilidad relacionada con la ed. Traducción Isabel Hernández
260 ## - PIE DE IMPRENTA
Lugar de publicación, distribución, etc Barcelona:
Nombre de la editorial, distribuidor, etc Terciopelo;
Fecha de publicación 2006.
300 ## - DESCRIPCION FISICA
Extension 299 p.
500 ## - NOTA GENERAL
Nota general Greiman, L. (2006). Terapia sensual. (1a ed.). Barcelona : Terciopelo.
505 ## - NOTA DE CONTENIDO
Nota de contenido formateada Christina McMullen ha dado un giro completo a su vida y ha dejado la noche de Chicago para convertirse en una psicóloga de éxito en California. Andrew Bomstad, un conocido jugador de fútbol americano, acude a su consulta para resolver el problema de impotencia sexual que padece. Un día, Andrew llega a la sesión con una botella de vino, y dispuesto a celebrar su recuperación. Pero la fatalidad quiere que el jugador se desplome muerto sobre el suelo de la consulta y Christina aparezca como principal sospechosa de la muerte. Jack Rivera, el detective encargado del caso, se empeña en defender que Christina envenenó a Bomstad en un ataque de celos. Para esclarecer el asesinato, la terapeuta se verá obligada a realizar su propia investigación y a recurrir a todos los encantos y astucias que aprendió durante los años en los que vivió la noche, para salvar su nombre y descubrir al verdadero asesino.
590 ## - NOTAS LOCALES (RLIN)
Nota local Proyecto 4to libro. Donación Victoria Lara, mayo 2018
655 ## - MATERIA - GENERO/FORMA
Género/Forma Literatura
-- 2917
942 ## - ADDED ENTRY ELEMENTS (KOHA)
Source of classification or shelving scheme Dewey Decimal Classification
Item type LITERATURA
Existencias
Estado de retiro Existencia Fuente de clasificación Estado general No para prestamo Colección Ubicación permanente ubicación actual Sala de ubicación Fecha de adquisición Fuente de adquisición Total Checkouts Número de clasificación Código de barras Date last seen Número de ejemplar Price effective from Koha tipo de elemento (item) Public note
    Dewey Decimal Classification     Fiction Biblioteca Medicina Biblioteca Medicina Circulación 28/05/2018 Donacion   808 30 GRE 4315 28/05/2018 Ej. 1 28/05/2018 LITERATURA Proyecto 4to libro. Donación Victoria Lara, mayo 2018

UNIVERSIDAD NACIONAL DEL COMAHUE
Biblioteca de la Facultad de Ciencias Médicas
Sede Toschi: Los Arrayanes y Av. Toschi, Cipolletti  - Rio Negro
Sede Los Tordos:  Yrigoyen al 2211, Cipolletti - Rio Negro 

Teléfono: 0299 - 4774707 int 25
Contacto: biblioteca@facimed.uncoma.edu.ar
© 2011 - 2026